01570cam a2200241 45000010005000000100015000050210014000200900009000341000041000432000053000842100029001372150016001662250015001823300877001976060031010746750033011057000035011387020025011738010018011988300029012169900011012459950072012565921 a9725300483 b139095/99 a5921 a20211231d1999 m||y0pory5003 ba1 aBlue MoonfDominique Sigaudgtrad. Clara Alvarez 9aLisboacBizânciod1999 a104, [1] p.2 aInfernov6 aBlue Moon, que é um dos mais belos e estranhos livros da nova literatura francesa, é também um terrível libelo contra a pena de morte. Aaron Robbins, um jovem negro, habitante de um dos Estados do Sul dos Estados Unidos da América, violou e assassinou uma mulher. Uma mulher branca e loura. Detido durante cerca de vinte anos, sabe agora que vai morrer. o perdão, a sua última hipótese de sobrevivência, acaba de lhe ser negado. Inicia-se então uma sucessão de flashes que pouco a pouco permitem reconstituir a vida do criminoso e os motivos do seu acto, e conduzem o leitor desde os meandros da sua torturada relação com o pai até evocação do desejo que o adolescente sentia perante as mulheres do Blue Moon e, finalmente, às derradeiras palavras que o condenado diz à mãe do seu filho, a única mulher que verdadeiramente o amou... 913aLiteratura Estrangeira a821.133.1-311.6"19"vBNzpor aSigaudbDominiquef1959-95609 aAlvarezbClara94185 aPTbBMVNgRPC cInês Silvad31/12/2021 cLIVROS 002052025-08-0696434bBMVNf100000021176kLE SIG/BLUo0rLIVROSs